| 000 | 00541nam a2200157Ia 4500 | ||
|---|---|---|---|
| 005 | 20250703010651.0 | ||
| 008 | 240331s9999 xx 000 0 und d | ||
| 020 | _a9789551302177 | ||
| 082 |
_bSRI _a495 |
||
| 245 | 0 |
_aSri Lankawe Basha Aithiwasikam : _bDemala Bashawa Rajya Bashavak Lesa Balathmaka kireema |
|
| 260 |
_aSri Lanka _bLaughter and Social Car _c2008 |
||
| 300 | _a166 p ., ( c1) | ||
| 500 | _aA book of Language rights in Sri Lanka - Enforcing Tamil as an official Language | ||
| 700 |
_aSkandaKumar, B. _eedt |
||
| 942 | _cL | ||
| 999 |
_c5759 _d5759 |
||